10 Most Populated African Countries in 1950 - Statistics

General Stats
  • This quiz has been taken 196 times
  • The average score is 9 of 10
Answer Stats
Population Country % Correct
21,198,000 Egypt
99%
20,175,000 Ethiopia
99%
13,596,000 South Africa
98%
31,797,000 Nigeria
97%
8,893,000 Algeria
96%
13,569,000 DR Congo
96%
9,344,000 Morocco
93%
6,468,000 Sudan
88%
7,935,000 Tanzania
88%
6,251,000 Mozambique
64%
No matching quizzes found
Score Distribution
Percent of People with Each Score
Percentile by Number Answered
Your Score History
You have not taken this quiz